000 00430nam a22001817a 4500
003 Ost
005 20220827130100.0
008 220827b |||||||| |||| 00| 0 eng d
020 _aNA
040 _cBT-PhCST
050 _a4191
082 _222
_a621.3
100 _aJoro, Vincent Del.
245 _aElectrical engineering fundamentals /
260 _aIndia,
_bPrentice Hall,
_cc2003
300 _a0
_bill. ;
942 _2ddc
_cEE
_02
999 _c1713
_d1713